000 00519nam a2200133Ia 4500
003 GCL
008 140319s9999 xx 000 0 ara d
040 _aGCL /
_cGCL
082 0 4 _a327.5604
_bح ن
245 1 0 _aالندوة العلمية عن المضمون السياسى للحوار العربى الاورب: القاهرة 29-28 مايو(ايار) 1977 اعمال الندوة وبحوثها
260 _a[S.N] :
_bمعهد البحوث والدراسات العربية ،
_c1978
300 _a215 ص
490 _a
999 _c34869
_d34869